000 00223nam a2200097Ia 4500
005 20250424112907.0
008 250424s9999 xx 000 0 und d
300 _aii, 119 p. :ill. ; 29 cm
650 _aChemistry
942 _cSR
999 _c37739
_d37739